Lý luận và thực tiễn về việc soạn thảo một số văn bản hành chính thông dụng /

Shranjeno v:
Bibliografske podrobnosti
Glavni avtor: Nguyễn Thế Quyền.
Format: Bài viết
Jezik:Vietnamese
Teme:
Oznake: Označite
Brez oznak, prvi označite!
Thư viện lưu trữ: Thư viện Trường Đại học Đà Lạt
LEADER 00837nam a2200277 4500
001 DLU090090919
005 ##20090526
040 # # |a DLU  |b vie 
041 # # |a vie 
044 # # |a vn 
100 # # |a Nguyễn Thế Quyền. 
245 # # |a Lý luận và thực tiễn về việc soạn thảo một số văn bản hành chính thông dụng /  |c Nguyễn Thế Quyền. 
653 # # |a  Lý luận 
653 # # |a Soạn thảo 
653 # # |a thực tiễn 
653 # # |a Văn bản hành chính 
773 # # |t Quản lý nhà nước  |g Số 8, 1998, tr. 48-50 
920 # # |a Phòng Tạp chí -- Trung tâm Thông tin - Thư viện Trường Đại học Đà Lạt 
994 # # |a DLU 
900 # # |a True 
911 # # |a Nguyễn Thị Mai Anh 
925 # # |a G 
926 # # |a A 
927 # # |a BB 
980 # # |a Thư viện Trường Đại học Đà Lạt